Gaming Quiz

Random Gaming or Pokémon Quiz

Mistyped Pokemon Moves: Psychic Quiz Stats

 Plays Quiz not verified by Sporcle

Challenge
Share
Tweet
Embed
Score 0/43 Timer 15:00
0 Plays Today
Pokemon % Correct
Venonat, Spinarak, Gorebyss, Wormadam, Spritzee, YveltalPsychic
99%
Butterfree, Venonat, Psyduck, Hoothoot, Dustox, Gorebyss, WormadamConfusion
90.8%
Butterfree, Venonat, Porygon, Misdreavus, Remoraid, Mantine, Dustox, Spinda, Kecleon, Wormadam, Vivillon, MagearnaPsybeam
84.7%
Poliwag, Gastly, Hoothoot, Yanma, Stantler, Spinda, Glameow, Spiritomb, Darkrai, Patrat, Sandygast, XurkitreeHypnosis
82.7%
Beedrill, Pidgey, Spearow, Pikachu, Growlithe, Ponyta, Farfetch'd, Doduo, Hitmonchan, Horsea, Goldeen, Scyther, Jolteon, Porygon, Aerodactyl, Articuno, Zapdos, Moltres, Dratini...Agility
81.6%
Pikachu, Clefairy, Magnemite, Voltorb, Chansey, Electabuzz, Zapdos, Chikorita, Ledyba, Mareep, Dustox, Emolga, Cryogonal, Vivillon, Swirlix, Amaura, Sylveon, Carbink...Light Screen
81.6%
Misdreavus, NihilegoPsywave
80.6%
Articuno, Chikorita, Hoothoot, Ledyba, Raikou, Cryogonal, Aromatisse, Carbink, DiancieReflect
79.6%
Stantler, Raikou, Entei, Suicune, Ho-Oh, Kyogre, Infernape, Lucario, Mienfoo, SpritzeeCalm Mind
76.5%
Shuppet, Rotom, PumpkabooTrick
76.5%
Jigglypuff, Seel, Tauros, Snorlax, Sentret, Shuckle, Teddiursa, Zigzagoon, Whismur, Nosepass, Wailmer, Barboach, Spheal, Relicanth, Kyogre, Groudon, Rayquaza, Cubchoo, Dedenne...Rest
75.5%
Absol, KartanaPsycho Cut
73.5%
Gastly, Hoothoot, Spiritomb, Darkrai, MorelullDream Eater
71.4%
Porygon-Z, DiancieTrick Room
71.4%
Tentacool, Magnezone, GlaceonBarrier
68.4%
Venonat, Psyduck, Tauros, Hoothoot, Stantler, Miltank, Lotad, Sableye, Volbeat, Whiscash, Bagon, Cranidos, Regigigas, Zekrom, Tapu BuluZen Headbutt
66.3%
Vulpix, Hoothoot, Raikou, Entei, Suicune, Ho-Oh, Nuzleaf, Tornadus, Reshiram, Landorus, Greninja, DrampaExtrasensory
64.3%
Psyduck, Poliwag, Snorlax, Sentret, Wooper, Slugma, Swinub, Slakoth, Gulpin, Wailmer, Numel, Torkoal, Barboach, Lileep, Gorebyss, Regice, Registeel, Bidoof, Drifloon, Pansear...Amnesia
61.2%
Hitmonlee, MienfooMeditate
59.2%
Clefairy, Arceus, MiniorCosmic Power
58.2%
Manaphy, MagearnaHeart Swap
58.2%
Umbreon, ShelmetGuard Swap
56.1%
Pokemon % Correct
Ho-Oh, Barboach, Duskull, Absol, ArceusFuture Sight
55.1%
Accelgor, Tapu KokoPower Swap
55.1%
Psyduck, NihilegoWonder Room
55.1%
KlefkiMagic Room
54.1%
Voltorb, Corsola, Suicune, Lopunny, Magnezone, Glaceon, Vanillite, Dewpider, NihilegoMirror Coat
54.1%
Spritzee, Sylveon, Carbink, DiancieSkill Swap
52%
Chansey, Lucario, Audino, Alomomola, Aromatisse, Clawitzer, Xerneas, Tapu FiniHeal Pulse
50%
Shuckle, Yamask, NihilegoPower Split
50%
Shuckle, HonedgePower Trick
50%
Shuckle, Yamask, Carbink, Diancie, NihilegoGuard Split
49%
Clefairy, Chansey, Buneary, Shaymin, AlomomolaHealing Wish
48%
Clefairy, Dusclops, Probopass, Arceus, XerneasGravity
46.9%
Porygon, LopunnyMagic Coat
46.9%
ClefairyStored Power
45.9%
HoothootPsycho Shift
43.9%
Vulpix, Stantler, Zorua, Litwick, Reshiram, Zekrom, Landorus, Kyurem, Klefki, Type: NullImprison
42.9%
PheromosaSpeed Swap
42.9%
Hoothoot, Whismur, Kecleon, Chatot, MagearnaSynchronoise
40.8%
LuvdiscHeart Stamp
39.8%
Shedinja, Dialga, Palkia, Giratina, Thundurus, Klefki, Type: NullHeal Block
38.8%
Stantler, Greninja, MarshadowRole Play
36.7%

You're not logged in!

Compare scores with friends on all Sporcle quizzes.
Join for Free
OR
Log In

You Might Also Like...

Show Comments

Extras

Top Quizzes Today


Score Distribution

Your Account Isn't Verified!

In order to create a playlist on Sporcle, you need to verify the email address you used during registration. Go to your Sporcle Settings to finish the process.

Report this User

Report this user for behavior that violates our Community Guidelines.

Details: